000 00682nam a2200265Ia 4500
003 OSt
005 20221006151156.0
006 a|||||r|||| 00| 0
007 ta
008 221006b |||||||| |||| 00| 0 jpn d
020 _c¥400
024 _a21,196
037 _bGift, Japan Foundation
_cTextual
040 _aEASL
_cEASL
_bjpn
041 _2jpn
_ajpn
082 _a1008400
100 _aKUNIMITSU Shiro
245 0 _aMitsui okoku (Jo)
260 _aTokyo
_bShueisha Bunko Japan
_c1981
300 _a383p.
_ccm.
490 _v JL
650 _aJL
942 _h1008400
_cTEXL
_2CC
999 _c1089282
_d1089282